00897nam a2200193Ia 4500008004100000020001500041041001200056082001100068100001700079245003300096260003300129300000800162650001600170942000700186999001500193952015900208952016800367952016800535221030s9999 xx 000 0 und d a8126507764 aEnglish a105.23 aD. T. Larose 0aData Mining Methods & Models bWilley Pub.aNew Delhic2007 a322 aBE Computer cBK c5760d5760 pBE 9618g229.00l0o105.23 r2024-06-13 00:00:00w2022-10-30yBK003Print4071aMIETLIBbMIETLIBcBL-Second, FL-1, CUP-169, SH-4, R-4d2008-05-0110HBE pBE 9619g229.00l0o105.23 r2024-06-13 00:00:00w2022-10-30yBK003Print4070aMIETLIBbMIETLIBcBL-Academic Block A, FL-1, CUP-46, SH-1, R-1d2008-05-0110HBE pBE 9620g229.00l0o105.23 r2024-06-13 00:00:00w2022-10-30yBK003Print4070aMIETLIBbMIETLIBcBL-Academic Block C, FL-2, CUP-46, SH-1, R-1d2008-05-0110HBE